Pokémon - Attacken von Panferno in KA/PU - Statistiken

Allgemein
  • Dieses Quiz wurde 4 mal gespielt
  • Das Durchschnittsergebnis liegt bei 23 aus 94
Antwortstatistiken
Antwort % Korrekt
Flammenrad
100%
Glut
100%
Erdbeben
75%
Feuersturm
75%
Flammenwurf
75%
Kratzer
75%
Risikotackle
75%
Schaufler
75%
Silberblick
75%
Sonnentag
75%
Aero-Ass
50%
Bodycheck
50%
Bodyslam
50%
Donnerschlag
50%
Feuerwirbel
50%
Flammenblitz
50%
Hitzekoller
50%
Irrlicht
50%
Nahkampf
50%
Rechte Hand
50%
Schutzschild
50%
Steinkante
50%
Tempohieb
50%
Abschlag
25%
Agilität
25%
Akrobatik
25%
Brandsand
25%
Doppelkick
25%
Durchbruch
25%
Erholung
25%
Felsgrab
25%
Feuerschlag
25%
Fokusstoß
25%
Folterknecht
25%
Gedankengut
25%
Gifthieb
25%
Hitzewelle
25%
Hyperstrahl
25%
Kehrtwende
25%
Kratzfurie
25%
Lehmschelle
25%
Lohekanonade
25%
Mogelhieb
25%
Power-Punch
25%
Psycho-Plus
25%
Ränkeschmied
25%
Raub
25%
Solarstrahl
25%
Steinhagel
25%
Sternschauer
25%
Strauchler
25%
Tagedieb
25%
Tarnsteine
25%
Vakuumwelle
25%
Verhöhner
25%
Zen-Kopfstoß
25%
Ableithieb
0%
Aufruhr
0%
Aurasphäre
0%
Ausdauer
0%
Brüller
0%
Coaching
0%
Dampfwalze
0%
Delegator
0%
Dunkelklaue
0%
Energiefokus
0%
Fassade
0%
Feuersäulen
0%
Flammenwut
0%
Frustflamme
0%
Frustventil
0%
Fußkick
0%
Fußtritt
0%
Gegenschlag
0%
Gigastoß
0%
Grimasse
0%
Katapult
0%
Konter
0%
Metronom
0%
Mülltreffer
0%
Neck Strike
0%
Neidflammen
0%
Nitroladung
0%
Notsituation
0%
Offenlegung
0%
Protzer
0%
Schlafrede
0%
Schleuder
0%
Schnellkonter
0%
Schwerttanz
0%
Tera-Ausbruch
0%
Trugträne
0%
Wechseldich
0%
Zugabe
0%
Keine übereinstimmenden Quizze gefunden
Verteilung der Resultate
Anzahl Personen mit jedem Resultat
Perzentil nach korrekt beantworteten Fragen
Ihre Resultats-Entwicklung
Sie haben dieses Quiz noch nicht gespielt